| 000 | 01343cam a2200349 i 4500 | ||
|---|---|---|---|
| 001 | 19278424 | ||
| 003 | NUST | ||
| 005 | 20240228155214.0 | ||
| 008 | 160919s2017 nyua 000 0 eng | ||
| 010 | _a 2016041767 | ||
| 020 | _a9781138682528 (pbk) | ||
| 020 | _z9781315545097 (ebk) | ||
| 038 | _aMalang Jan | ||
| 040 |
_aDLC _beng _cDLC _erda _dDLC |
||
| 042 | _apcc | ||
| 050 | 0 | 0 |
_aHD7293 _b.M647 2017 |
| 082 | 0 | 0 |
_a307.141609 _223 _bMOO |
| 100 | 1 |
_aMoor, Terry M., _eauthor. _9121610 |
|
| 245 | 1 | 2 |
_aReinventing an urban vernacular : _bdeveloping sustainable housing prototypes for cities based on traditional strategies / Terry M. Moor. |
| 264 | 1 |
_aNew York ; _aLondon : _bRoutledge, Taylor & Francis Group, _c2017 |
|
| 300 |
_axxiii, 249 pages : _billustrations (some color), color map ; _c26 cm |
||
| 336 |
_atext _btxt _2rdacontent |
||
| 337 |
_aunmediated _bn _2rdamedia |
||
| 338 |
_avolume _bnc _2rdacarrier |
||
| 650 | 0 |
_aHousing _zUnited States. _9121611 |
|
| 650 | 0 |
_aVernacular architecture _zUnited States. _9121612 |
|
| 650 | 0 |
_aSustainable urban development _zUnited States. _9121613 |
|
| 650 | 0 |
_aCity planning _zUnited States. _919405 |
|
| 906 |
_a7 _bcbc _corignew _d1 _eecip _f20 _gy-gencatlg |
||
| 942 |
_2ddc _cBK |
||
| 999 |
_c608449 _d608449 |
||